Význam kooperácie pri efektívnej realizácii distribučných procesov

Význam spolupráce medzi jednotlivými účastníkmi partnerských vzťahov. Vzájomná spolupráca a kooperácia je predpokladom efektívnej realizácie procesov a aktivít. Kooperácia v distribučných procesoch nachádza svoj odraz v uplatňovaní vybraných metód, medzi ktoré možno zaradiť napr. riadenie dodávateľs...

Celý popis

Uložené v:
Podrobná bibliografia
Hlavný autor: Daňo, Ferdinand, 1959-
Médium: Kapitola
Jazyk:Slovak
Predmet:
Tagy: Pridať tag
Žiadne tagy, Buďte prvý, kto otaguje tento záznam!

MARC

LEADER 00000naa$a2200000$$$4500
001 0102802
005 20240502072121.3
041 0 |a slo 
044 |a SK 
245 1 0 |a Význam kooperácie pri efektívnej realizácii distribučných procesov  |c Ferdinand Daňo 
520 |a Význam spolupráce medzi jednotlivými účastníkmi partnerských vzťahov. Vzájomná spolupráca a kooperácia je predpokladom efektívnej realizácie procesov a aktivít. Kooperácia v distribučných procesoch nachádza svoj odraz v uplatňovaní vybraných metód, medzi ktoré možno zaradiť napr. riadenie dodávateľského reťazca, ECR, či manažment kategórií. 
610 2 0 |a kooperácia 
610 2 0 |a distribúcia 
610 2 0 |a reťazce distribučné 
610 2 0 |a riadenie 
610 2 0 |a ECR 
100 1 |a Daňo, Ferdinand, 1959-